Los intelectuales en Francia. Del caso Dreyfus a nuestros días
Kaydedildi:
| Asıl Yazarlar: | , |
|---|---|
| Materyal Türü: | Kitap |
| Dil: | İspanyolca |
| Baskı/Yayın Bilgisi: |
Valencia
Universitat de Valencia
2007
|
| Konular: | |
| Etiketler: |
Etiketle
Etiket eklenmemiş, İlk siz ekleyin!
|
MARC
| LEADER | 00000nam a2200000 a 4500 | ||
|---|---|---|---|
| 001 | UCI2311 | ||
| 003 | CL-VaPUC | ||
| 008 | 070817e20070000SP |||||||||||||||||spa|d | ||
| 020 | |a 97837066981 | ||
| 082 | 0 | 4 | |a 305.552 |b ORY |2 21 |
| 100 | |a Ory, Pascal |e autor |9 523288 | ||
| 700 | 0 | |a Sirinelli, Jean Francois |e author |9 523289 | |
| 245 | 1 | 4 | |a Los intelectuales en Francia. Del caso Dreyfus a nuestros días |
| 300 | |a 337 p | ||
| 942 | |c BK | ||
| 945 | |d 20070817 00:00:00 |a rbrito | ||
| 260 | |a Valencia |b Universitat de Valencia |c 2007 | ||
| 650 | 0 | |a Ensayos franceses |9 265511 | |
| 650 | 7 | |a LITERATOS FRANCESES |2 CL-VaPUC |9 371854 | |
| 650 | 7 | |a INTELECTUALES FRANCESES |2 CL-VaPUC |9 523290 | |
| 651 | 0 | |a Francia |9 255157 | |
| 583 | |a last modification |c 20070817 00:00:00 |k Rodrigo Vera | ||
| 999 | |c 326929 |d 326927 | ||
| 952 | |0 0 |1 0 |4 0 |6 305_552000000000000_ORY_2007 |7 0 |8 A |9 409190 |a BIBHIS |b BIBHIS |d 2019-11-22 |i 4363787 |o 305.552 ORY 2007 |p 4363787 |r 2025-01-20 |w 2019-11-22 |y BK |k HIS | ||
| 952 | |0 0 |1 0 |4 0 |6 305_552000000000000_ORY_2007 |7 0 |8 A |9 409191 |a BIBHIS |b BIBHIS |d 2019-11-22 |i 4396715 |l 1 |o 305.552 ORY 2007 |p 4396715 |r 2025-01-20 |s 2023-06-27 |w 2019-11-22 |y BK |k HIS | ||